Ley Electoral de 8 de agosto de 1907 : complementada con las disposiciones dictadas hasta noviembre de 1945 y que ofrecen interés / complementada con las disposiciones dictadas hasta noviembre de 1945 y que ofrecen interés /
Descripción Física:
199 pàgines ; 18 cm
MARC
| LEADER | 00000nam a2200000Ia 4500 | ||
|---|---|---|---|
| 001 | 14175 | ||
| 003 | AGDB | ||
| 005 | 20260324175243.0 | ||
| 008 | 160829s1945 xx 000 0 cat d | ||
| 080 | |a D-2-94 | ||
| 100 | |a Espanya. Ley Electoral (1907) |9 23263 | ||
| 245 | |a Ley Electoral de 8 de agosto de 1907 : |b complementada con las disposiciones dictadas hasta noviembre de 1945 y que ofrecen interés / |c comentada por la redacción de El Consultor de los Ayuntamientos y de los Juzgados | ||
| 250 | |a 16 ed. | ||
| 260 | |a Madrid : |b El Consultor, |c 1945 | ||
| 300 | |a 199 pàgines ; |c 18 cm | ||
| 590 | |a Inclou comentaris a la llei | ||
| 650 | |a Espanya. Ley Electoral (1907) |9 23264 | ||
| 650 | |a Dret electoral |x Legislació |x Espanya |9 40999 | ||
| 710 | 2 | |a Consultor de los Ayuntamiento y de los Juzgados |e entitat autora |9 55140 | |
| 901 | |a Arxiu | ||
| 942 | |n 1 |2 udc |c ARXIU | ||
| 952 | |0 0 |1 0 |4 0 |6 D294 |7 1 |9 42638 |a Arxiu |b Arxiu |d 2016-12-01 |l 0 |o D-2-94 |p 14175 |r 2016-12-01 00:00:00 |w 2016-12-01 |y ARXIU | ||
| 999 | |c 45144 |d 45144 | ||